000 00450pab a2200169 454500
008 180718b1998 xxu||||| |||| 00| 0 eng d
100 _aHabibullah, Muzafar Shah
245 _aLong-run relationship between money and income in the Philippines
260 _c1998
300 _ap.54-69
362 _aApr
650 _aIncome - Philippines
650 _aMoney - Philippines
650 _aMoney
773 _aAsian Economic Review
909 _a38260
999 _c38260
_d38260